Khả năng sinh khí sinh học của rơm và lục bình với các mức độ pH khác nhau trong mẻ ủ yếm khí : Luận văn tốt nghiệp cao học. Chuyên ngành Khoa học môi trường
Nghiên cứu khả năng sinh khí sinh học của rơm và lục bình với các mức độ pH khác nhau trong mẻ ủ yếm khí nhằm tìm ra giá trị pH cho năng suất khí cao nhất
Zapisane w:
| 1. autor: | |
|---|---|
| Format: | Książka |
| Język: | Undetermined |
| Wydane: |
Cần Thơ
Trường Đại học Cần Thơ
2016
|
| Hasła przedmiotowe: | |
| Etykiety: |
Dodaj etykietę
Nie ma etykietki, Dołącz pierwszą etykiete!
|
| Thư viện lưu trữ: | Trung tâm Học liệu Trường Đại học Cần Thơ |
|---|
| LEADER | 01090nam a2200217Ia 4500 | ||
|---|---|---|---|
| 001 | CTU_213483 | ||
| 008 | 210402s9999 xx 000 0 und d | ||
| 082 | |a 665.7 | ||
| 082 | |b T120 | ||
| 088 | |a 60440301 | ||
| 100 | |a Trịnh, Thanh Tâm | ||
| 245 | 0 | |a Khả năng sinh khí sinh học của rơm và lục bình với các mức độ pH khác nhau trong mẻ ủ yếm khí : | |
| 245 | 0 | |b Luận văn tốt nghiệp cao học. Chuyên ngành Khoa học môi trường | |
| 245 | 0 | |c Trịnh Thanh Tâm ; Nguyễn Võ Châu Ngân (người hướng dẫn) | |
| 260 | |a Cần Thơ | ||
| 260 | |b Trường Đại học Cần Thơ | ||
| 260 | |c 2016 | ||
| 520 | |a Nghiên cứu khả năng sinh khí sinh học của rơm và lục bình với các mức độ pH khác nhau trong mẻ ủ yếm khí nhằm tìm ra giá trị pH cho năng suất khí cao nhất | ||
| 650 | |a Công nghệ sinh học,Biotechnology | ||
| 904 | |i Nguyên | ||
| 980 | |a Trung tâm Học liệu Trường Đại học Cần Thơ | ||